01181 a2200193 4500003000500000005001700005010001700022020002900039040000900068082001200077100001700089245007300106260004200179300007200221505045600293538015400749650007300903651001100976Nust20170207154029.0 a 2001022528 a0201722186 (pbk./CD-ROM) cNust00a621.3821 aLoomis, Don.14aThe TINI specification and developer's guide - (E-BOOK)cDon Loomis. aBoston, MA :bAddison-Wesley,cc2001. axv, 365 p. :bill. ;c24 cm. +e1 computer optical disc (4 3/4 in.) aCHAPTER 1 The TINI Platform (Page-1) CHAPTER 2 Getting Started .(Page-23) CHAPTER 3 Serial Communication(Page-51) CHAPTER 4 The 1-Wire Net (Page-81) CHAPTER 5 TCP/IP Networking(page-111) CHAPTER 6 Dial-Up Networking Using PPP(Page-139) CHAPTER 7 Building a Remote Data Logger(Page-147) CHAPTER 8 Parallel I/O(Page-181) CHAPTER 9 Just the Bits(page-199) CHAPTER 10 Accessing System Resources(Page-209) CHAPTER 11 Application Programming Tips(Page-225)  aSystem requirements for computer disc: Windows 95, Windows 98, Windows NT, Windows 2000, WinME, Solaris, or Linux, JDK installation of 1.2 or higher. 0aTelecommunication systemsxDesign and constructionxData processing. aE-BOOK